| 000 | 00557nam a2200181Ia 4500 | ||
|---|---|---|---|
| 005 | 20250423101658.0 | ||
| 008 | 250422s9999 xx 000 0 und d | ||
| 020 | _a9781032033983 | ||
| 050 | _aTA 418.64 .H35/ | ||
| 100 | _aHall, Christopher | ||
| 245 | 0 | _aWater transport in brick, stone and concrete | |
| 260 | _aBoca Raton | ||
| 260 | _bCRC Press | ||
| 260 | _c2021 | ||
| 300 | _axix, 452p.: ill. | ||
| 650 | _aBuilding materials--Moisture. Building materials--Permeability. Masonry--Materials--Permeability. Dampness in buildings. | ||
| 942 | _cBK | ||
| 999 |
_c36960 _d36960 |
||